000 00731nam a2200205 a 4500
005 20140412111240.0
008 020417s19uu xx 00 eng d
020 _a0-688-06952-5
050 _aM 516.2
_bD86 1987
100 _aDunham, Meredith
245 _aShapes: how do you say it? :
_bEnglish, French, Spanish, Italian /
_cby Meredith Dunham.
260 _aNew York :
_bWilliam Morrow & Company,
_c1987.
300 _a1 v. (unp.) ; ill.
520 _aIntroduces different shapes in illustrations and appropriate descriptive words in Engliash, French, Spanish and Italian.
650 _aGeometry
_xJuvenile literature
650 _aShape
650 _aGeometry
650 _aPicture dictionary, Polygot
999 _c102647
_d102647